000 00614nam a2200253Ia 4500
005 20260123164104.0
008 008 260114s9999 xx 000 0 eng d
020 _a9789354432774
037 _aEBOOK
040 _aCRL
040 _beng
040 _cCRL
041 _2eng
041 _aeng
084 _qCRL
100 _aMOHAN, I. CHANDRA
_91105778
245 0 _aDESIGN AND ANALYSIS OF ALGORITHMS - SECOND EDITION
260 _bPHI
260 _c2015
856 _uhttps://elibrary.phindia.com/ebooks/reader/9789354432774du
942 _cEBOOK
999 _c1670901
_d1670901